[Event "NK Jeugd Cm"]
[Site "Assen"]
[Date "2017.04.24"]
[Round "3.6"]
[White "Bruggink, Lyne"]
[Black "Raulji, Kavya"]
[Result "0-1"]
[WhiteElo "849"]
[BlackElo "1279"]
[PlyCount "114"]
[EventDate "2017.??.??"]

1. e4 c5 2. Nc3 d6 3. Nf3 Nc6 4. Bb5 Bd7 5. O-O Nf6 6. d3 g6 7. Be3 Bg7 8. Qd2
Ng4 9. Bg5 h6 10. Bh4 g5 11. Bxc6 Bxc6 12. Bxg5 Qd7 13. Bh4 O-O-O 14. Rab1 Rdg8
15. h3 Ne5 16. Nxe5 Bxe5 17. Qe3 f5 18. Nd5 Bxd5 19. exd5 f4 20. Qf3 Rg7 21. d4
Bxd4 22. Kh2 Rhg8 23. g3 Qf5 24. Qd3 Qxd5 25. c3 fxg3+ 26. Bxg3 h5 27. cxd4 h4
28. Rg1 hxg3+ 29. Rxg3 Qxd4 30. Qxd4 cxd4 31. Rc1+ Kd7 32. Rxg7 Rxg7 33. Rc4 e5
34. f4 Rf7 35. fxe5 dxe5 36. Rc5 Kd6 37. Rc8 Rf2+ 38. Kg3 Rxb2 39. h4 Kd7 40.
Rh8 Rb6 41. Rh7+ Ke8 42. h5 Kf8 43. Kf3 Rf6+ 44. Ke4 Rf7 45. Rxf7+ Kxf7 46. Kd3
Kg7 47. a4 Kh6 48. Ke4 Kxh5 49. Kd3 Kg5 50. Ke4 Kf6 51. Kd3 Ke6 52. Kc4 Kd6 53.
Kb4 Kd5 54. Kb3 e4 55. Kc2 Kc4 56. Kd2 d3 57. Kd1 Kc3 0-1

[Event "NK Jeugd Cm"]
[Site "Assen"]
[Date "2017.04.24"]
[Round "3.7"]
[White "De Boer, Marit"]
[Black "Basa, Manasvita"]
[Result "1-0"]
[WhiteElo "1194"]
[BlackElo "935"]
[PlyCount "89"]
[EventDate "2017.??.??"]

1. d4 d5 2. c4 Nf6 3. Nc3 Bf5 4. e3 e6 5. Nf3 Nc6 6. a3 Bd6 7. c5 Be7 8. Nh4
Bg4 9. f3 Bh5 10. g3 Ne4 11. Ng2 Bg5 12. Nxe4 dxe4 13. Be2 Bg6 14. h4 e5 15. d5
Ne7 16. d6 Nc6 17. d7+ Qxd7 18. Qxd7+ Kxd7 19. hxg5 Rad8 20. f4 f6 21. gxf6
gxf6 22. Nh4 Rhg8 23. Bg4+ Ke7 24. Bd2 Bf7 25. Nf5+ Kf8 26. Rh4 Be6 27. Nh6 Rg6
28. Bxe6 Rxg3 29. O-O-O exf4 30. Rxf4 Rg6 31. Nf5 Re8 32. Bb3 Re5 33. Bc3 Rxc5
34. Kb1 a5 35. Nd4 Rh5 36. Nxc6 bxc6 37. Rxf6+ Kg7 38. Rd7+ Kh6 39. Rxg6+ hxg6
40. Bf6 Rh1+ 41. Ka2 Re1 42. Rd8 g5 43. Bf7 Ra1+ 44. Kxa1 Kh7 45. Rh8# 1-0

[Event "NK Jeugd Cm"]
[Site "Assen"]
[Date "2017.04.24"]
[Round "3.8"]
[White "Mang, Dalya"]
[Black "Tiggelman, Laura"]
[Result "1/2-1/2"]
[WhiteElo "1000"]
[BlackElo "1114"]
[PlyCount "37"]
[EventDate "2017.??.??"]

1. d4 Nf6 2. c4 g6 3. Bf4 Bg7 4. Nf3 d6 5. Nc3 O-O 6. e3 Nbd7 7. Be2 Ne8 8. O-O
f6 9. Rc1 e5 10. Bg3 c6 11. Qb3 Kh8 12. Rfd1 Qe7 13. d5 c5 14. Qc2 f5 15. Bh4
Bf6 16. Bxf6+ Qxf6 17. e4 f4 18. a3 h5 19. h4 1/2-1/2

[Event "NK Jeugd Cm"]
[Site "Assen"]
[Date "2017.04.24"]
[Round "3.9"]
[White "Stevanovic, Alexandra"]
[Black "Van Dongen, Lana"]
[Result "1-0"]
[WhiteElo "839"]
[BlackElo "906"]
[PlyCount "105"]
[EventDate "2017.??.??"]

1. e4 Nc6 2. Nf3 d5 3. e5 f6 4. exf6 Nxf6 5. Nc3 Bg4 6. Be2 e6 7. d3 Bb4 8. Bd2
Qd6 9. Nb5 Bxd2+ 10. Qxd2 Qe7 11. Qf4 Qb4+ 12. Qxb4 Nxb4 13. Nxc7+ Kd8 14. Nxa8
Nxc2+ 15. Kd2 Nxa1 16. Rxa1 Kd7 17. Ne5+ Kd6 18. Nf7+ Kd7 19. Nxh8 Kc8 20. Rc1+
Kd8 21. Nf7+ Ke7 22. Ne5 Bxe2 23. Kxe2 Kd6 24. Nf7+ Ke7 25. Rc7+ Ke8 26. Rxb7
a6 27. Ra7 Ng4 28. Nd6+ Kf8 29. h3 Nf6 30. Rxa6 Ke7 31. b4 Nd7 32. a4 h6 33. a5
g6 34. Rc6 Nb8 35. Rb6 Nd7 36. Nc8+ Kd8 37. Rc6 e5 38. Nab6 Nb8 39. Rxg6 h5 40.
Rh6 e4 41. Rxh5 exd3+ 42. Kxd3 Nc6 43. Rxd5+ Kc7 44. Rc5 Kb7 45. Rxc6 Kxc6 46.
a6 Kb5 47. a7 Kxb4 48. a8=Q Kb3 49. Qa4+ Kb2 50. Nc4+ Kb1 51. Qc2+ Ka1 52. Qc1+
Ka2 53. Qb2# 1-0

[Event "NK Jeugd Cm"]
[Site "Assen"]
[Date "2017.04.24"]
[Round "3.10"]
[White "Van Essen, Marieke"]
[Black "Rijken, Heidi"]
[Result "1-0"]
[WhiteElo "821"]
[BlackElo "1035"]
[PlyCount "109"]
[EventDate "2017.??.??"]

1. e4 d5 2. exd5 Qxd5 3. Nc3 Qa5 4. Nf3 Nf6 5. Bc4 Bf5 6. Nh4 Bg6 7. Qf3 c6 8.
Qh3 Qc7 9. Nxg6 fxg6 10. d3 Qe5+ 11. Qe3 Qxe3+ 12. Bxe3 Nbd7 13. O-O h6 14.
Rae1 e5 15. Bf4 O-O-O 16. Bxe5 Nxe5 17. Rxe5 Bd6 18. Re6 g5 19. g3 h5 20. Ne4
Nxe4 21. dxe4 Rhe8 22. Rd1 Bc5 23. Rxd8+ Rxd8 24. Re5 Bb6 25. Rxg5 Rd2 26. Bd3
Rxf2 27. Kh1 Bd4 28. b3 Rd2 29. a4 Rd1+ 30. Kg2 Rd2+ 31. Kh3 Bg1 32. Rxh5 Rxh2+
33. Kg4 Rxh5 34. Kxh5 Bd4 35. Kg5 Kd7 36. Kf5 Ke7 37. Bc4 b6 38. e5 c5 39. e6
Bc3 40. Ke4 Bf6 41. Kd5 Ke8 42. Kc6 Bd8 43. Kb7 a5 44. Kc6 Ke7 45. Kd5 Bc7 46.
g4 Bd8 47. Ke5 g6 48. Bd3 g5 49. Bc4 Kf8 50. Kd6 Ke8 51. Bb5+ Kf8 52. Kd7 Be7
53. Kc7 Bf6 54. Kxb6 Ke7 55. Bc4 1-0

[Event "NK Jeugd Cm"]
[Site "Assen"]
[Date "2017.04.24"]
[Round "3.11"]
[White "Hatzmann, Mirthe"]
[Black "Lukasiak, Alicja"]
[Result "1-0"]
[WhiteElo "915"]
[BlackElo "175"]
[PlyCount "71"]
[EventDate "2017.??.??"]

1. e4 e5 2. Nf3 Nc6 3. Bc4 Bc5 4. d3 d6 5. Ng5 Qf6 6. O-O Nh6 7. h3 Be6 8. Bxe6
fxe6 9. Qh5+ Qg6 10. Qxg6+ hxg6 11. Nxe6 Bb6 12. Be3 Bxe3 13. fxe3 Kd7 14. Ng5
Raf8 15. Nc3 Nb4 16. Rac1 Rxf1+ 17. Kxf1 Kc8 18. a3 Rf8+ 19. Kg1 Nc6 20. Nd5 b5
21. c4 bxc4 22. Rxc4 Kd7 23. b4 Rb8 24. Ne6 Kxe6 25. Rxc6 Nf5 26. Rxc7 Ra8 27.
exf5+ Kxd5 28. fxg6 a5 29. Rxg7 axb4 30. axb4 Ra1+ 31. Kf2 Ra2+ 32. Kf3 Rb2 33.
Rb7 Rb3 34. g7 Rxd3 35. g8=Q+ Kc6 36. Qc4+ 1-0

[Event "NK Jeugd Cm"]
[Site "Assen"]
[Date "2017.04.25"]
[Round "4.1"]
[White "Mang, Jessie"]
[Black "Martinez, Sara"]
[Result "1/2-1/2"]
[WhiteElo "1552"]
[BlackElo "1496"]
[PlyCount "85"]
[EventDate "2017.??.??"]

1. e4 e6 2. d4 d5 3. exd5 exd5 4. c4 Nf6 5. Nc3 c6 6. Bd3 dxc4 7. Bxc4 Bf5 8.
Nge2 Bd6 9. O-O O-O 10. Be3 Nbd7 11. Ng3 Be6 12. Bd3 Nb6 13. Nce4 Nxe4 14. Nxe4
Be7 15. Qh5 f5 16. Ng5 Bxg5 17. Bxg5 Qxd4 18. Rae1 Bf7 19. Qh3 Qg4 20. Qxg4
fxg4 21. Re7 h6 22. Bc1 Bxa2 23. Rxb7 Rf7 24. Ba6 Raf8 25. Be3 Rxb7 26. Bxb7
Bd5 27. Ra1 Nc4 28. Bd4 Re8 29. Bc3 a5 30. Ba6 Kh7 31. Bxc4 Bxc4 32. Rxa5 Rd8
33. Ra1 Bb5 34. g3 Kg6 35. Kg2 Be2 36. h3 Bf3+ 37. Kh2 gxh3 38. Kxh3 Rd5 39.
Ra4 Rh5+ 40. Rh4 Rxh4+ 41. Kxh4 Kf7 42. g4 g6 43. Kg3 1/2-1/2

[Event "NK Jeugd Cm"]
[Site "Assen"]
[Date "2017.04.25"]
[Round "4.2"]
[White "Adema, Marrit"]
[Black "De Putter, Nina"]
[Result "1-0"]
[WhiteElo "1379"]
[BlackElo "1459"]
[PlyCount "109"]
[EventDate "2017.??.??"]

1. d4 d5 2. c4 e6 3. Nc3 Nf6 4. cxd5 exd5 5. Bg5 c6 6. e3 Bf5 7. Bd3 Bxd3 8.
Qxd3 Nbd7 9. Nge2 Be7 10. O-O O-O 11. a3 Re8 12. b4 Nb6 13. f3 h6 14. Bh4 Rc8
15. e4 Nh7 16. Bxe7 Rxe7 17. Rac1 Nf8 18. b5 Ng6 19. a4 Rec7 20. bxc6 Rxc6 21.
a5 dxe4 22. fxe4 Nc4 23. d5 Nge5 24. Qd4 Ra6 25. Rc2 Rxa5 26. Rfc1 Qg5 27. Ng3
Ne3 28. Re2 Nxd5 29. Rec2 Qe3+ 30. Qxe3 Nxe3 31. Re2 N3g4 32. Nf5 Kh7 33. Nd6
Rc7 34. Rec2 Rac5 35. Ndb5 R7c6 36. Nxa7 Ra6 37. Nab5 Ra5 38. Nd6 Rc7 39. Ndb5
Rd7 40. Rb1 Nc4 41. Nd5 Nce3 42. Rd2 Nxd5 43. exd5 Ne3 44. d6 Nc4 45. Rd4 Na3
46. Nxa3 Rxa3 47. Rb6 Ra8 48. Kf2 Rad8 49. Ke3 f5 50. Kf4 g6 51. Ke5 Kg7 52.
Rc4 Kf7 53. Rc7 Rxc7 54. dxc7 Rc8 55. Kd6 1-0

[Event "NK Jeugd Cm"]
[Site "Assen"]
[Date "2017.04.25"]
[Round "4.3"]
[White "Stevanovic, Alexandra"]
[Black "Roebers, Eline"]
[Result "0-1"]
[WhiteElo "839"]
[BlackElo "1788"]
[PlyCount "62"]
[EventDate "2017.??.??"]

1. e4 c6 2. Nf3 d5 3. e5 Bf5 4. d4 e6 5. Nc3 Nd7 6. a3 c5 7. b3 a6 8. Be3 Qc7
9. Be2 Ne7 10. Qd2 Nc6 11. Bf4 Rc8 12. Nd1 cxd4 13. Nxd4 Nxd4 14. Qxd4 Bc5 15.
Qd2 Nxe5 16. c4 dxc4 17. Bxc4 Nxc4 18. bxc4 Qc6 19. Ne3 Bxe3 20. fxe3 Qxc4 21.
Rd1 O-O 22. h3 Qe4 23. O-O Rc2 24. Rf2 Rxd2 25. Rfxd2 e5 26. Bg5 f6 27. Bh4
Qxh4 28. Rf2 Bxh3 29. gxh3 Qxh3 30. Rh2 Qg4+ 31. Rg2 Qxd1+ 0-1

[Event "NK Jeugd Cm"]
[Site "Assen"]
[Date "2017.04.25"]
[Round "4.4"]
[White "De Zoeten, Cato"]
[Black "Raulji, Kavya"]
[Result "1-0"]
[WhiteElo "1269"]
[BlackElo "1279"]
[PlyCount "67"]
[EventDate "2017.??.??"]

1. e4 c5 2. Nf3 d6 3. d4 cxd4 4. Nxd4 Nf6 5. Nc3 a6 6. f4 Nbd7 7. a4 e6 8. Bc4
Be7 9. Qf3 Qc7 10. Bb3 b6 11. Bd2 Bb7 12. O-O-O b5 13. axb5 axb5 14. Ndxb5 Qb6
15. Be3 Nc5 16. Qe2 Nfxe4 17. Nxe4 Nxe4 18. c3 Nc5 19. Bxc5 dxc5 20. Rhe1 O-O
21. Bc2 Ra1+ 22. Bb1 Ba6 23. c4 Bxb5 24. cxb5 Rc8 25. f5 Bg5+ 26. Kc2 Qa5 27.
fxe6 Qa4+ 28. b3 Qf4 29. e7 Re8 30. Rd8 Qf5+ 31. Qe4 Qf2+ 32. Re2 Rxd8 33.
exd8=Q+ Bxd8 34. Qe8# 1-0

[Event "NK Jeugd Cm"]
[Site "Assen"]
[Date "2017.04.25"]
[Round "4.5"]
[White "Boghossian, Linet"]
[Black "De Boer, Marit"]
[Result "1/2-1/2"]
[WhiteElo "1288"]
[BlackElo "1194"]
[PlyCount "116"]
[EventDate "2017.??.??"]

1. e4 e5 2. Nf3 Nc6 3. Bc4 Bc5 4. d3 h6 5. O-O Nf6 6. Nc3 d6 7. h3 Be6 8. Bb3
O-O 9. Be3 Bb6 10. Na4 Na5 11. Nxb6 axb6 12. Nh2 Nd7 13. f4 Nxb3 14. axb3 f6
15. Qf3 exf4 16. Bxf4 Ne5 17. Qg3 g5 18. Rxa8 Qxa8 19. Bd2 c5 20. Bc3 Qd8 21.
Nf3 Ng6 22. d4 Nf4 23. Re1 h5 24. Bd2 h4 25. Nxh4 Nh5 26. Qf3 Rf7 27. d5 Bd7
28. Nf5 Bxf5 29. Qxf5 Ng7 30. Qf3 b5 31. Rf1 Qe7 32. b4 b6 33. Qd3 Qd7 34. Bc3
Ne8 35. Qf3 Qc7 36. bxc5 bxc5 37. Qh5 Qe7 38. Re1 b4 39. Bd2 Qe5 40. c3 Ng7 41.
Qe2 bxc3 42. Bxc3 Qe7 43. Qb5 Qe8 44. Qxe8+ Nxe8 45. Kh2 Ra7 46. Kg3 Kg7 47.
Kg4 Kg6 48. h4 gxh4 49. Kxh4 Rh7+ 50. Kg4 Ra7 51. Rh1 Ra4 52. Kf3 Nc7 53. Ke3
Nb5 54. Rh8 Kg7 55. Rb8 Nxc3 56. bxc3 Ra6 57. Rb3 Kg6 58. Kf4 Ra7 1/2-1/2

[Event "NK Jeugd Cm"]
[Site "Assen"]
[Date "2017.04.25"]
[Round "4.6"]
[White "Honkoop, Stella"]
[Black "Mang, Dalya"]
[Result "1-0"]
[WhiteElo "1389"]
[BlackElo "1000"]
[PlyCount "71"]
[EventDate "2017.??.??"]

1. e4 e5 2. Nf3 Nc6 3. d4 exd4 4. Nxd4 Bc5 5. Be3 Qf6 6. c3 Nge7 7. Bc4 O-O 8.
O-O d6 9. Nxc6 Nxc6 10. Bxc5 dxc5 11. Na3 a6 12. Qe2 Qg6 13. Qe3 h6 14. Rfe1 b6
15. Rad1 Bg4 16. Qg3 Bh5 17. Qxg6 Bxg6 18. Bd5 Ne5 19. Bxa8 Rxa8 20. f3 Re8 21.
Nc2 Re6 22. f4 Bh5 23. Rd8+ Kh7 24. fxe5 Rxe5 25. Rd5 Rxd5 26. exd5 Bg6 27. Ne3
Be4 28. c4 b5 29. b3 b4 30. Ng4 Bf5 31. h3 h5 32. Nf2 Bd7 33. g4 hxg4 34. hxg4
c6 35. Re7 Bc8 36. Rc7 1-0

[Event "NK Jeugd Cm"]
[Site "Assen"]
[Date "2017.04.25"]
[Round "4.8"]
[White "Hatzmann, Mirthe"]
[Black "Woest, Imre"]
[Result "1/2-1/2"]
[WhiteElo "915"]
[BlackElo "1332"]
[PlyCount "46"]
[EventDate "2017.??.??"]

1. e4 c5 2. Nc3 d6 3. g3 g6 4. Bg2 Bg7 5. Nge2 Nc6 6. d3 Nf6 7. h3 a6 8. Be3
O-O 9. O-O Be6 10. Qd2 Qc8 11. Kh2 h5 12. Bg5 Kh7 13. Nf4 Qd7 14. Nfd5 Bxd5 15.
Nxd5 Nxd5 16. exd5 Nd4 17. c3 Nb5 18. Rfe1 Rae8 19. Re2 e6 20. Rae1 Nc7 21.
dxe6 Nxe6 22. Be3 b6 23. c4 Nd4 1/2-1/2

[Event "NK Jeugd Cm"]
[Site "Assen"]
[Date "2017.04.25"]
[Round "4.9"]
[White "Basa, Manasvita"]
[Black "Bruggink, Lyne"]
[Result "0-1"]
[WhiteElo "935"]
[BlackElo "849"]
[PlyCount "104"]
[EventDate "2017.??.??"]

1. e4 e5 2. Bc4 Nc6 3. Nf3 Nd4 4. Nxe5 Qg5 5. Bxf7+ Kd8 6. c3 Qxg2 7. cxd4
Qxh1+ 8. Ke2 Qxe4+ 9. Kf1 d6 10. Qf3 Qxf3 11. Nxf3 Bh3+ 12. Ke2 Bg4 13. Nc3 Nf6
14. Ke3 Ke7 15. Bb3 Re8 16. d3 Kd8+ 17. Kf4 h5 18. Ng5 Kc8 19. Be3 d5 20. Kg3
h4+ 21. Kg2 h3+ 22. Kg1 Rh5 23. Nxd5 Nxd5 24. Bxd5 Rxe3 25. fxe3 Rxg5 26. Be4
Bf3+ 27. Kf2 Bxe4 28. dxe4 Rg2+ 29. Kf3 Rxh2 30. Kg3 Rxb2 31. Kxh3 Re2 32. Rf1
Rxe3+ 33. Kg4 Ba3 34. Kf5 Be7 35. Rg1 g5 36. e5 Kd7 37. d5 Rf3+ 38. Ke4 Rf4+
39. Ke3 Bc5+ 40. Kd3 Bxg1 41. e6+ Ke7 42. Ke2 g4 43. a4 g3 44. a5 g2 45. a6
bxa6 46. d6+ cxd6 47. Kd3 Bc5 48. Ke2 g1=Q 49. Kd3 Qd4+ 50. Ke2 Qe3+ 51. Kd1
Qd3+ 52. Kc1 Ba3# 0-1

[Event "NK Jeugd Cm"]
[Site "Assen"]
[Date "2017.04.25"]
[Round "4.10"]
[White "Lukasiak, Alicja"]
[Black "Van Essen, Marieke"]
[Result "0-1"]
[WhiteElo "175"]
[BlackElo "821"]
[PlyCount "130"]
[EventDate "2017.??.??"]

1. e4 e5 2. Nf3 Nc6 3. Bc4 Bc5 4. d3 h6 5. h3 Nf6 6. O-O O-O 7. Re1 Re8 8. Nc3
Bb4 9. Bd2 a6 10. Nd5 Bxd2 11. Qxd2 b5 12. Nxf6+ Qxf6 13. Bd5 Rb8 14. Qc3 Rb6
15. Rad1 Qd6 16. d4 exd4 17. Nxd4 Ne5 18. Nf3 Nxf3+ 19. Qxf3 Qf6 20. Qxf6 Rxf6
21. c4 c6 22. e5 Rf5 23. Bf3 bxc4 24. Bg4 Rfxe5 25. Rxe5 Rxe5 26. Bxd7 Bxd7 27.
Rxd7 Re2 28. Rc7 Rxb2 29. Rxc6 Rxa2 30. Rxc4 Ra1+ 31. Kh2 Kf8 32. Rc8+ Ke7 33.
Rc7+ Kf6 34. Rc6+ Kg5 35. Rc5+ Kf4 36. g3+ Ke4 37. Rc4+ Kd3 38. Rb4 a5 39. Rb3+
Kc2 40. Re3 a4 41. Re2+ Kd1 42. Re3 a3 43. Rd3+ Kc2 44. Re3 Kd2 45. Rb3 Kc1 46.
Rc3+ Kb2 47. Re3 Rc1 48. Re2+ Rc2 49. Re5 a2 50. Rb5+ Kc1 51. Ra5 Rb2 52. g4
Kb1 53. Rxa2 Kxa2 54. Kg3 Kb3 55. f4 g6 56. h4 Kc4 57. g5 h5 58. f5 Rb5 59.
fxg6 fxg6 60. Kh3 Rf5 61. Kg3 Kd4 62. Kh3 Ke3 63. Kh2 Rf4 64. Kh3 Kf2 65. Kh2
Rxh4# 0-1

[Event "NK Jeugd Cm"]
[Site "Assen"]
[Date "2017.04.25"]
[Round "4.11"]
[White "Rijken, Heidi"]
[Black "Van Dongen, Lana"]
[Result "1-0"]
[WhiteElo "1035"]
[BlackElo "906"]
[PlyCount "117"]
[EventDate "2017.??.??"]

1. d4 d5 2. c4 e6 3. Nc3 Nc6 4. Nf3 Nf6 5. Bd2 b6 6. e3 Bb7 7. Be2 Bd6 8. O-O
O-O 9. a3 Ne7 10. Rc1 Rc8 11. Bd3 Nc6 12. cxd5 Nxd5 13. Nxd5 exd5 14. Re1 Re8
15. Bb5 Qd7 16. Qc2 a6 17. Bxc6 Bxc6 18. Qxc6 Qxc6 19. Rxc6 Re7 20. Rc2 Rce8
21. Re2 h6 22. Nh4 g6 23. h3 Re4 24. Nf3 Kg7 25. Bc1 c5 26. dxc5 Bxc5 27. Red2
Rd8 28. b4 Be7 29. Bb2+ Bf6 30. Bxf6+ Kxf6 31. Rc6+ Re6 32. Rxe6+ fxe6 33. e4
Ke7 34. exd5 Rxd5 35. Rxd5 exd5 36. Kf1 Kd6 37. Ke2 g5 38. Kd3 Kc6 39. Nd4+ Kd7
40. g3 h5 41. f4 gxf4 42. gxf4 Ke7 43. Nf5+ Kf6 44. Ne3 Ke6 45. Kd4 Kd6 46.
Nxd5 Kc6 47. Ne3 Kd6 48. f5 Kd7 49. Ke5 Ke7 50. Nd5+ Kf7 51. Nxb6 h4 52. f6 Kf8
53. Ke6 Ke8 54. f7+ Kf8 55. Nd7+ Kg7 56. f8=Q+ Kg6 57. Qf6+ Kh5 58. Kf5 a5 59.
Qg5# 1-0

[Event "NK Jeugd Cm"]
[Site "Assen"]
[Date "2017.04.26"]
[Round "5.1"]
[White "Martinez, Sara"]
[Black "Adema, Marrit"]
[Result "1/2-1/2"]
[WhiteElo "1496"]
[BlackElo "1379"]
[PlyCount "60"]
[EventDate "2017.??.??"]

1. e4 c5 2. Nf3 d6 3. d4 cxd4 4. Qxd4 Nc6 5. Bb5 Bd7 6. Bxc6 Bxc6 7. Nc3 e5 8.
Qd3 Nf6 9. Bg5 h6 10. Bh4 g5 11. Bg3 Qc7 12. O-O-O Be7 13. Nb5 Bxb5 14. Qxb5+
Nd7 15. h3 O-O-O 16. Rd3 a6 17. Qb4 Kb8 18. Rhd1 f6 19. Rc3 Qb6 20. Qxb6 Nxb6
21. Rcd3 Rhf8 22. Nh2 h5 23. h4 f5 24. hxg5 Bxg5+ 25. f4 exf4 26. Bf2 fxe4 27.
Bxb6 exd3 28. Bxd8 Rxd8 29. Rxd3 Re8 30. Nf3 Be7 1/2-1/2

[Event "NK Jeugd Cm"]
[Site "Assen"]
[Date "2017.04.26"]
[Round "5.2"]
[White "Roebers, Eline"]
[Black "Mang, Jessie"]
[Result "1/2-1/2"]
[WhiteElo "1788"]
[BlackElo "1552"]
[PlyCount "47"]
[EventDate "2017.??.??"]

1. e4 c5 2. b4 cxb4 3. a3 Nc6 4. axb4 d6 5. b5 Ne5 6. d4 Ng6 7. Bd3 Nf6 8. Ne2
e5 9. d5 Be7 10. O-O O-O 11. Ba3 Nh5 12. Nbc3 Nhf4 13. Nxf4 Nxf4 14. Ne2 Bg5
15. Nxf4 Bxf4 16. Bc1 Qg5 17. Bxf4 exf4 18. f3 h5 19. Qe2 Re8 20. Qf2 h4 21.
Kh1 b6 22. h3 Re5 23. Ra3 Qe7 24. Rc3 1/2-1/2

[Event "NK Jeugd Cm"]
[Site "Assen"]
[Date "2017.04.26"]
[Round "5.3"]
[White "De Putter, Nina"]
[Black "De Zoeten, Cato"]
[Result "1-0"]
[WhiteElo "1459"]
[BlackElo "1269"]
[PlyCount "35"]
[EventDate "2017.??.??"]

1. e4 c5 2. Nf3 d6 3. d4 cxd4 4. Nxd4 Nf6 5. Nc3 g6 6. f4 Bg7 7. e5 dxe5 8.
fxe5 Nd5 9. Bb5+ Bd7 10. Nxd5 Bxe5 11. c4 e6 12. Nf4 Qc7 13. O-O O-O 14. Be3
Bxf4 15. Bxf4 e5 16. Bh6 Rd8 17. Qf3 Bxb5 18. Qf6 1-0

[Event "NK Jeugd Cm"]
[Site "Assen"]
[Date "2017.04.26"]
[Round "5.4"]
[White "De Boer, Marit"]
[Black "Honkoop, Stella"]
[Result "0-1"]
[WhiteElo "1194"]
[BlackElo "1389"]
[PlyCount "104"]
[EventDate "2017.??.??"]

1. d4 d6 2. c4 Nf6 3. Nc3 Nbd7 4. Nf3 e5 5. Bg5 Be7 6. e3 c6 7. Be2 Qc7 8. Rc1
Nb6 9. a3 Bg4 10. b3 O-O 11. h3 Bf5 12. Bxf6 Bxf6 13. e4 Bd7 14. d5 Rac8 15.
O-O Qd8 16. Nh2 Qe7 17. Bg4 Bg5 18. Rc2 f5 19. dxc6 bxc6 20. exf5 Bxf5 21. Bxf5
Rxf5 22. Ne4 Rd8 23. Nf3 Bh6 24. g4 Rf4 25. Qe2 g6 26. g5 Bg7 27. c5 d5 28.
Nf6+ Bxf6 29. gxf6 Qxf6 30. Qxe5 Rxf3 31. Qxf6 Rxf6 32. cxb6 axb6 33. Re1 Rdd6
34. Rce2 Kg7 35. Re7+ Rf7 36. R7e3 Rdf6 37. R1e2 Rf3 38. Kg2 Rxe3 39. Rxe3 d4
40. Rd3 c5 41. b4 Ra7 42. h4 Rd7 43. Kf3 c4 44. Rd1 c3 45. Ke2 c2 46. Rc1 Kf6
47. Kd2 d3 48. Rg1 h6 49. Rg3 Rd6 50. a4 Rc6 51. Kc1 d2+ 52. Kxd2 c1=Q+ 0-1

[Event "NK Jeugd Cm"]
[Site "Assen"]
[Date "2017.04.26"]
[Round "5.5"]
[White "Van Essen, Marieke"]
[Black "Boghossian, Linet"]
[Result "0-1"]
[WhiteElo "821"]
[BlackElo "1288"]
[PlyCount "106"]
[EventDate "2017.??.??"]

1. e4 e5 2. Nf3 Nc6 3. Bc4 Bc5 4. d3 h6 5. O-O Nf6 6. h3 d6 7. Re1 O-O 8. Nc3
Be6 9. Na4 Bb6 10. b3 Na5 11. c3 Bd7 12. b4 Nxc4 13. dxc4 Bxa4 14. Qxa4 Qd7 15.
Qxd7 Nxd7 16. Rd1 Nf6 17. Re1 a5 18. a4 Ra7 19. Be3 Bxe3 20. Rxe3 Rfa8 21. b5
Nd7 22. Nd2 Rf8 23. Nb3 f5 24. g3 fxe4 25. Rxe4 Rf3 26. Re3 Rxe3 27. fxe3 b6
28. Rf1 Nf6 29. Nd2 d5 30. Rf5 dxc4 31. Rxe5 Ra8 32. Nxc4 Kf8 33. Nd2 Rd8 34.
Ne4 Rd3 35. Rf5 Kf7 36. Nxf6 gxf6 37. Kf2 Rxc3 38. Rf4 Rc5 39. Ke2 Ke6 40. Kd3
c6 41. Rc4 Rd5+ 42. Rd4 cxb5 43. Rxd5 Kxd5 44. axb5 Kc5 45. Kc3 Kxb5 46. Kb3
Kc5 47. g4 Kd5 48. h4 Ke4 49. g5 fxg5 50. hxg5 hxg5 51. Kc4 g4 52. Kb5 g3 53.
Kxb6 a4 0-1

[Event "NK Jeugd Cm"]
[Site "Assen"]
[Date "2017.04.26"]
[Round "5.6"]
[White "Raulji, Kavya"]
[Black "Tiggelman, Laura"]
[Result "0-1"]
[WhiteElo "1279"]
[BlackElo "1114"]
[PlyCount "148"]
[EventDate "2017.??.??"]

1. e4 c5 2. Nf3 d6 3. d4 cxd4 4. Nxd4 Nf6 5. Nc3 g6 6. Be2 Bg7 7. O-O O-O 8.
Be3 Nc6 9. Qd2 Nxd4 10. Bxd4 Be6 11. Rad1 Qc7 12. f4 Rfd8 13. h3 a6 14. Qe3 Qc6
15. Bf3 Qc8 16. Na4 Nd7 17. e5 dxe5 18. fxe5 Qxc2 19. Nc5 Nxc5 20. Bxc5 Qxb2
21. Bxe7 Rxd1 22. Rxd1 Bxe5 23. a3 Rc8 24. Qe4 Rc1 25. Qd3 Rxd1+ 26. Qxd1 Qd4+
27. Qxd4 Bxd4+ 28. Kf1 b6 29. Be2 b5 30. Bb4 Bb3 31. Ba5 Bb2 32. Bb4 f5 33. Bf3
a5 34. Bxa5 Bxa3 35. Ke2 Kf7 36. Kd3 Bc4+ 37. Kc3 Ke6 38. g3 Ke5 39. Bc7+ Bd6
40. Bxd6+ Kxd6 41. Kd4 h6 42. h4 Bf7 43. Bd1 Bc4 44. Bf3 g5 45. h5 Bf1 46. Bd1
b4 47. Bb3 f4 48. gxf4 g4 49. Bd5 g3 50. Bh1 g2 51. Bxg2 Bxg2 52. Kc4 Ke6 53.
Kxb4 Kf5 54. Kc3 Kxf4 55. Kd2 Kg3 56. Ke2 Bh3 57. Ke1 Kg2 58. Kd2 Bg4 59. Ke3
Kg3 60. Kd2 Bxh5 61. Ke1 Kg2 62. Kd2 Bf3 63. Ke3 h5 64. Kf4 h4 65. Ke3 h3 66.
Kd4 h2 67. Kc5 h1=Q 68. Kb6 Qc1 69. Ka6 Qb1 70. Ka5 Kf2 71. Ka4 Ke3 72. Ka5 Kd4
73. Ka4 Kc4 74. Ka5 Qb5# 0-1

[Event "NK Jeugd Cm"]
[Site "Assen"]
[Date "2017.04.26"]
[Round "5.7"]
[White "Arnold, Kiri"]
[Black "Stevanovic, Alexandra"]
[Result "1-0"]
[WhiteElo "1104"]
[BlackElo "839"]
[PlyCount "123"]
[EventDate "2017.??.??"]

1. e4 e5 2. Nf3 Nc6 3. Bb5 Nf6 4. d3 Bc5 5. c3 d6 6. h3 Bd7 7. Nbd2 a6 8. Ba4
O-O 9. Nf1 h6 10. Ng3 Ne7 11. Bb3 Be6 12. Bc2 Ng6 13. O-O Ne8 14. Bd2 Nh4 15.
a3 Qf6 16. Nxh4 Qxh4 17. Qf3 Qf6 18. Qh5 Qg6 19. Qxg6 fxg6 20. b4 Bb6 21. Rad1
c6 22. Bc1 Rd8 23. d4 Nc7 24. Be3 exd4 25. Bxd4 Bxd4 26. cxd4 Bc4 27. Bd3 Bb3
28. Rb1 Ba4 29. Rfe1 Bb5 30. Rbd1 Bxd3 31. Rxd3 Nb5 32. Ne2 Rde8 33. Ng3 Rf7
34. a4 Nc7 35. Nf1 Ref8 36. Re2 Ne6 37. g3 h5 38. h4 g5 39. d5 Nd8 40. hxg5 Rd7
41. Nd2 Re8 42. Ree3 Nf7 43. Nf3 Ne5 44. Nxe5 dxe5 45. dxc6 Rxd3 46. Rxd3 bxc6
47. Rd6 Rc8 48. Re6 Rb8 49. Rxc6 Rxb4 50. Rxa6 Rxe4 51. Kg2 Kf8 52. a5 Ke8 53.
Ra8+ Kd7 54. a6 Kc7 55. a7 Kb7 56. Rg8 Kxa7 57. Rxg7+ Kb8 58. g6 Rg4 59. Rg8+
Kc7 60. g7 Kd7 61. Ra8 Rxg7 62. Ra7+ 1-0

[Event "NK Jeugd Cm"]
[Site "Assen"]
[Date "2017.04.26"]
[Round "5.8"]
[White "Bruggink, Lyne"]
[Black "Hatzmann, Mirthe"]
[Result "1/2-1/2"]
[WhiteElo "849"]
[BlackElo "915"]
[PlyCount "52"]
[EventDate "2017.??.??"]

1. e4 e5 2. Nf3 Nc6 3. Nc3 Nf6 4. g3 Bc5 5. Bg2 d6 6. O-O O-O 7. d3 h6 8. Na4
Bb6 9. c3 Re8 10. Re1 Bd7 11. Nh4 Ne7 12. Nxb6 axb6 13. d4 c6 14. Qf3 Kh7 15.
Qd3 Kg8 16. b4 Qc7 17. Be3 c5 18. dxc5 bxc5 19. Red1 Nc8 20. bxc5 dxc5 21. Qc4
b6 22. f4 Be6 23. Qe2 Bg4 24. Bf3 Bxf3 25. Qxf3 Nd7 26. Qg4 Nf6 1/2-1/2

[Event "NK Jeugd Cm"]
[Site "Assen"]
[Date "2017.04.26"]
[Round "5.9"]
[White "Woest, Imre"]
[Black "Mang, Dalya"]
[Result "1-0"]
[WhiteElo "1332"]
[BlackElo "1000"]
[PlyCount "95"]
[EventDate "2017.??.??"]

1. e4 e5 2. Nf3 Nc6 3. Bb5 Nf6 4. O-O d6 5. Re1 Be7 6. c3 O-O 7. h3 Be6 8. d4
exd4 9. cxd4 d5 10. e5 Ne4 11. a3 Bh4 12. Be3 Bg5 13. Nbd2 Bxe3 14. Rxe3 Ng5
15. Nxg5 Qxg5 16. Rg3 Qe7 17. Nb3 f6 18. f4 fxe5 19. fxe5 Qh4 20. Qe1 Qe4 21.
Qxe4 dxe4 22. Bxc6 bxc6 23. Nc5 Bd5 24. Re1 Rf4 25. Rge3 Raf8 26. Nxe4 R8f5 27.
g3 Rf3 28. Nc3 Rxe3 29. Rxe3 Rh5 30. Nxd5 cxd5 31. Rf3 Rh6 32. h4 Re6 33. Kf2
Re7 34. Ke3 Rf7 35. Rxf7 Kxf7 36. b4 c6 37. Kf4 Ke6 38. g4 h6 39. h5 a6 40. a4
Ke7 41. Kf5 Kf7 42. e6+ Ke7 43. Ke5 Ke8 44. Kd6 Kd8 45. Kxc6 Ke7 46. Kxd5 Ke8
47. Kc6 Ke7 48. d5 1-0